000 00726nas a2200241 4500
001 BR8102547
003 BR-BrBNA
005 20231205084709.0
007 ta
008 230509b bl.|||p| |||| 00| 00por d
040 _aBR-BrBNA
_bpor
_cBiblioteca Nacional de Agricultura
041 _a(Pt)
072 _aL00
100 1 _aOliveira, B.L. de
245 1 _aRecria, base para producao de ovos [Galinha]
650 _aProducao animal
650 _aGalinha
650 _aOvo
650 _aRecria
773 0 _tInforme Agropecuario - Empresa de Pesquisa Agropecuaria de Minas Gerais (Brazil)
_xISSN 0100-3364
_g(Jul 1981), v. 7(79) p. 53-55
_wBR8102547
909 _a202311
_bLúcia
_c55
_dLúcia Elande
942 _2AGRIS
_n0
_cANA
999 _c106726
_d106726